| 000 | 00656nam a22002177a 4500 | ||
|---|---|---|---|
| 003 | 0 | ||
| 005 | 20240923115843.0 | ||
| 008 | 240923b xxu||||| |||| 00| 0 eng d | ||
| 020 | _a978-0170449960 | ||
| 050 |
_aT 167 _b.Al43 2022 |
||
| 100 | _aAlbion, Peter | ||
| 245 |
_aTechnologies education for primary years _cAlbion, Peter |
||
| 250 | _a2nd ed. | ||
| 260 |
_aAustralia _bCengage _cC2022 |
||
| 300 |
_axvi, 277p. : _bill. ; col. : _c28cm. |
||
| 500 | _aTechnology-- study & teaching (primary). | ||
| 500 | _aEffective teaching. | ||
| 500 | _aTeachers--training of. | ||
| 650 | _aIncludes bibliographical references and index. | ||
| 942 |
_2lcc _cBK |
||
| 999 |
_c366336 _d366336 |
||